Вып. 4; Спектрохимия внутри- и межмолекулярных взаимодействий

Bibliografski detalji
Parent link:Спектрохимия внутри- и межмолекулярных взаимодействий: межвузовский сборник/ Ленинградский государственный университет (ЛГУ). Вып. 4.— , 1975-1995
Daljnji autori: Бахшиев Н. Г. Николай Григорьевич (редактор)
Jezik:ruski
Izdano: 1986
Teme:
Format: Knjiga
KOHA link:https://koha.lib.tpu.ru/cgi-bin/koha/opac-detail.pl?biblionumber=267847

MARC

LEADER 00000nam2a2200000 4500
001 267847
005 20231101234120.0
035 |a (RuTPU)RU\TPU\book\290960 
090 |a 267847 
100 |a 20140808d1986 k y0rusy5003 ca 
101 0 |a rus 
102 |a RU 
105 |a a z 001zy 
200 0 |a Вып. 4  |f отв. ред. Н. Г. Бахшиев 
210 |d 1986 
215 |a 268 с.  |c ил. 
320 |a Библиогр. в конце ст. 
461 1 |0 (RuTPU)RU\TPU\book\6405  |t Спектрохимия внутри- и межмолекулярных взаимодействий  |o межвузовский сборник  |f Ленинградский государственный университет (ЛГУ)   |v Вып. 4  |d 1975-1995 
606 1 |a Спектральный анализ, молекулярный  |2 stltpush  |3 (RuTPU)RU\TPU\subj\73662  |9 86528 
610 1 |a молекулы 
610 1 |a спектрохимия 
610 1 |a конденсированные системы 
610 1 |a сольватация 
610 1 |a изотропные среды 
610 1 |a анизотропные среды 
610 1 |a кристаллы 
610 1 |a ароматические соединения 
610 1 |a оптические спектры 
610 1 |a методы 
610 1 |a спектроскопия 
675 |a 543.42  |v 3 
702 1 |a Бахшиев  |b Н. Г.  |g Николай Григорьевич  |4 340 
801 0 |a RU  |b RuMRKP  |c 19950417  |g psbo 
801 1 |a RU  |b 63413507  |c 20140808 
801 2 |a RU  |b 63413507  |c 20161018  |g RCR 
942 |c BK